000 012710000a22003010004500
001 20665
003 CO-MdFUSB
005 20180622170553.0
008 160919t2001 xxu||||f |||| 00| 0 eng d
020 _a0-8006-3268-0
040 _aCO-MdFUSB
_bEspañol
_cCO-MdFUSB
_dCO-MdFUSB
041 _aeng
082 _224
_a296.3
_bN496r
100 1 _aNeusner, Jacob
_eautor
245 1 0 _aRecovering Judaism
_b: The universal dimension of Jewish religion
_c / Jacob Neusner
264 _aMinneapolis, Minnesota :
_bFortress Press,
_c2001
300 _axiii, 201 páginas
336 _2rdacontent
_a1
_ba1
337 _2rdamedia
_a2
_b5
338 _2rdacarrier
_a2
_b5
500 _aIncluye índices (p. 195-201)
501 _aRústico
505 0 0 _aEl mensaje universal del monoteísmo judío - El medio legal: Desde el caso particular a la norma que rige - El mensaje jurídico: La restauración de Edén a través de Israel - El medio narrativo y exegético: Pensamiento paradigmático - El mensaje narrativo exegético: La restauración de Adán al Edén, Israel a la tierra - Israel racional : La justicia de Dios, la razón de la humanidad.
653 _aTheology -- Judaism
653 _aTeología - Judaísmo
942 _cBK
999 _c47016
_d47016